MARC

LEADER 00000nam0a2200000 4500
001 263012
005 20231101233714.0
035 |a (RuTPU)RU\TPU\book\285996 
090 |a 263012 
100 |a 20140605d1987 k y0rusy50 ca 
101 0 |a rus 
102 |a RU 
105 |a a z 001zy 
200 1 |a Повышение эффективности технологии, надежности оборудования и инструмента газонефтехимического машиностроения и аппаратостроения  |e [сборник]  |f Московский институт нефти и газа им. И. М. Губкина (МИНГ) ; под ред. О. И. Стеклова 
210 |a Москва  |c Изд-во МИНГ  |d 1987 
215 |a 162 с.  |c ил. 
225 1 |a Труды Московского института нефти и газа им. И. М. Губкина  |v Вып. 210 
320 |a Библиография в конце статей 
606 1 |a Нефтепромысловое машиностроение  |2 stltpush  |3 (RuTPU)RU\TPU\subj\45820  |9 65011 
610 1 |a нефтегазовое оборудование 
610 1 |a надежность 
610 1 |a аппаратостроение 
610 1 |a шарошечные долота 
610 1 |a работоспособность 
610 1 |a буровые породоразрушающие инструменты 
610 1 |a износостойкость 
610 1 |a износостойкие материалы 
610 1 |a сварные соединения 
675 |a 622.276.05  |v 3 
702 1 |a Стеклов  |b О. И.  |4 340 
712 0 2 |a Московский институт нефти и газа им. И. М. Губкина (МИНГ)  |c (1985-1991)  |2 stltpush  |3 (RuTPU)RU\TPU\col\13869 
801 1 |a RU  |b 63413507  |c 20140605 
801 2 |a RU  |b 63413507  |c 20150407  |g RCR 
942 |c BK